[Event "Titled Tuesday intern op 25th Oct Late"]
[Site "Chess.com INT"]
[Date "2022.10.25"]
[Round "10"]
[White "Ferriz Barrios, Andres"]
[Black "Saucey, Michel"]
[Result "1-0"]
[WhiteElo "2102"]
[BlackElo "2249"]
[PlyCount "79"]
[EventDate "2022.10.25"]
[EventType "swiss (blitz)"]
[EventRounds "11"]
[EventCountry "USA"]
[SourceTitle "EXT 2024"]
[Source "ChessBase"]
[SourceDate "2023.10.10"]
[SourceVersion "1"]
[SourceVersionDate "2023.10.10"]
[SourceQuality "1"]

1. d4 d5 2. Nf3 e6 3. e3 Nf6 4. Nbd2 b6 5. Bd3 Bb7 6. 0-0 Nbd7 7. b3 Bd6 8. Bb2 0-0 9. Rc1 c5 10. c4 Rc8 11. Re1 Re8 12. Nf1 Ne4 13. Ne5 f6 14. Nxd7 Qxd7 15. f3 Ng5 16. h4 Nf7 17. Bb1 Qe7 18. Qd3 g6 19. h5 f5 20. hxg6 hxg6 21. cxd5 exd5 22. dxc5 bxc5 23. Qd2 Qh4 24. Rc2 Ng5 25. Rcc1 d4 26. exd4 Nxf3+ 27. gxf3 Bxf3 28. Nh2 Qg3+ 29. Kf1 Qxh2 30. Qxh2 Bxh2 31. dxc5 Bg3 32. Rxe8+ Rxe8 33. Bd3 Bc6 34. b4 Re3 35. Bc4+ Kf8 36. b5 Bd7 37. c6 Bc8 38. Bd4 Rf3+ 39. Kg2 Ra3 40. Bc5+ 1-0

[Event "Titled Tuesday intern op 25th Oct Early"]
[Site "Chess.com INT"]
[Date "2022.10.25"]
[Round "11"]
[White "Hartikainen, Jarmo"]
[Black "Saucey, Michel"]
[Result "1/2-1/2"]
[WhiteElo "2133"]
[BlackElo "2249"]
[PlyCount "115"]
[EventDate "2022.10.25"]
[EventType "swiss (blitz)"]
[EventRounds "11"]
[EventCountry "USA"]
[SourceTitle "EXT 2024"]
[Source "ChessBase"]
[SourceDate "2023.10.10"]
[SourceVersion "1"]
[SourceVersionDate "2023.10.10"]
[SourceQuality "1"]

1. e4 c5 2. c3 d5 3. exd5 Qxd5 4. d4 Nf6 5. Nf3 e6 6. Na3 Nc6 7. Be3 Ng4 8. Nb5 Qd8 9. dxc5 Nxe3 10. Qxd8+ Kxd8 11. fxe3 Bxc5 12. Rd1+ Ke7 13. Nbd4 Bd7 14. Bb5 Rac8 15. Bxc6 Bxc6 16. Nxc6+ Rxc6 17. Ke2 f6 18. Rd2 Rd8 19. Rhd1 Rxd2+ 20. Rxd2 e5 21. g4 a5 22. b3 g6 23. h3 b5 24. e4 Ba3 25. Kd3 Ke6 26. c4 bxc4+ 27. bxc4 Rc7 28. Rc2 h5 29. gxh5 gxh5 30. Rg2 Rd7+ 31. Kc2 Rb7 32. Kd3 Rb1 33. Rg8 Rf1 34. Nh4 Rf2 35. Nf5 Rxa2 36. Rc8 Bb4 37. c5 Ra3+ 38. Kc4 Rc3+ 39. Kb5 Rxh3 40. Rc7 Bxc5 41. Rxc5 Kf7 42. Rc7+ Kf8 43. Kxa5 Rb3 44. Rh7 Rb2 45. Rxh5 Re2 46. Rh4 Kf7 47. Kb4 Kg6 48. Kc5 Kg5 49. Kd5 Rf2 50. Ke6 Rxf5 51. exf5 Kxh4 52. Kxf6 e4 53. Kg6 e3 54. f6 e2 55. f7 e1Q 56. f8Q Qe6+ 57. Qf6+ Qxf6+ 58. Kxf6 1/2-1/2

[Event "Titled Tuesday intern op 25th Oct Early"]
[Site "Chess.com INT"]
[Date "2022.10.25"]
[Round "7"]
[White "Rose, Felix"]
[Black "Saucey, Michel"]
[Result "1/2-1/2"]
[WhiteElo "2091"]
[BlackElo "2249"]
[PlyCount "63"]
[EventDate "2022.10.25"]
[EventType "swiss (blitz)"]
[EventRounds "11"]
[EventCountry "USA"]
[SourceTitle "EXT 2024"]
[Source "ChessBase"]
[SourceDate "2023.10.10"]
[SourceVersion "1"]
[SourceVersionDate "2023.10.10"]
[SourceQuality "1"]

1. e4 c5 2. Nf3 e6 3. d4 cxd4 4. Nxd4 Nc6 5. Nc3 Qc7 6. Be3 a6 7. Qf3 Nxd4 8. Bxd4 b5 9. Qg3 Qxg3 10. hxg3 Bb7 11. Bd3 Nf6 12. f3 Rc8 13. g4 Bc5 14. Be5 d6 15. Bg3 Nd7 16. 0-0-0 Ne5 17. a3 Ke7 18. Be2 Bxa3 19. Nxb5 Bxb2+ 20. Kxb2 axb5 21. Bxb5 Bc6 22. Bxe5 dxe5 23. Bd3 h6 24. Ra1 Ra8 25. Rxa8 Rxa8 26. Ra1 Rxa1 27. Kxa1 Kd6 28. Kb2 Kc5 29. Kc3 f6 30. Kd2 g5 31. c3 Bd7 32. Ke3 1/2-1/2

[Event "Titled Tuesday intern op 25th Oct Early"]
[Site "Chess.com INT"]
[Date "2022.10.25"]
[Round "6"]
[White "Saucey, Michel"]
[Black "Ansh, M Shah"]
[Result "0-1"]
[WhiteElo "2249"]
[BlackElo "2184"]
[PlyCount "128"]
[EventDate "2022.10.25"]
[EventType "swiss (blitz)"]
[EventRounds "11"]
[EventCountry "USA"]
[SourceTitle "EXT 2024"]
[Source "ChessBase"]
[SourceDate "2023.10.10"]
[SourceVersion "1"]
[SourceVersionDate "2023.10.10"]
[SourceQuality "1"]

1. d4 Nf6 2. c4 e6 3. Nf3 d5 4. Nc3 Be7 5. Bg5 0-0 6. e3 c6 7. Qc2 Nbd7 8. Rd1 h6 9. Bh4 a6 10. c5 b6 11. b4 a5 12. a3 axb4 13. axb4 bxc5 14. bxc5 Ba6 15. Bxa6 Rxa6 16. 0-0 Qa8 17. Rb1 Rb8 18. Rxb8+ Nxb8 19. Rb1 Ra1 20. h3 g5 21. Bg3 Nbd7 22. Kh2 Kg7 23. Rxa1 Qxa1 24. Ne5 Nxe5 25. Bxe5 Kg8 26. f3 Nd7 27. Bg3 Bf6 28. Na4 e5 29. Nb6 Qa7 30. Nxd7 Qxd7 31. Bxe5 Bxe5+ 32. dxe5 Qe6 33. Qc3 Qf5 34. Qd4 Kf8 35. f4 Ke7 36. Qb4 gxf4 37. exf4 Ke6 38. Qd4 Qe4 39. Qxe4 dxe4 40. Kg3 Kd5 41. Kf2 Kxc5 42. Ke3 Kd5 43. g4 c5 44. h4 c4 45. g5 hxg5 46. hxg5 c3 47. Ke2 Ke6 48. Ke3 Kf5 49. Ke2 Kxf4 50. g6 fxg6 51. e6 e3 52. e7 c2 53. e8Q c1Q 54. Qf7+ Kg5 55. Qe7+ Kh6 56. Qf8+ Kh5 57. Qf3+ Kh6 58. Qf8+ Kh7 59. Qf7+ Kh6 60. Qf4+ g5 61. Qf6+ Kh5 62. Qf3+ Kg6 63. Qe4+ Kf6 64. Qd4+ Kf5 0-1